Tennisti con più vittorie sulla Terra battuta negli Slam - Statistics

Statistiche generali
  • Questo quiz è stato fatto 19 volte
  • Il punteggio medio è 8 su 13
Statistiche sulle risposte
Nazione Numero vittorie sulla terra battuta Tennista % Corretto
Serbia 92 Novak Djokovic
100%
Spagna 112 Rafael Nadal
100%
Svizzera 73 Roger Federer
94%
Svezia 49 Björn Borg
89%
Stati Uniti 51 Andre Agassi
78%
Svizzera 45 Stan Wawrinka
78%
Cecoslovacchia / Stati Uniti 56 Ivan Lendl
72%
Spagna 44 David Ferrer
61%
Svezia 47 Mats Wilander
50%
Stati Uniti 40 Jimmy Connors
39%
Argentina 76 Guillermo Vilas
33%
Francia 40 Yannick Noah
33%
Stati Uniti 40 Jim Courier
17%
Nessun quiz corrispondente trovato
Distribuzione punteggi
Percentuale di utenti per punteggio
Percentile per numero di risposta
I tuoi punteggi nel tempo
Non hai fatto questo quiz